00566nam a2200169 a 450000100100000000500170001000800410002702000180006804000250008610000330011124500480014426000530019230000200024504900090026595201050027499900170037900003427920200930073621.0110929s2007 dr 000 0 spa d a9781597543088 aDO-SdBNPbspacBNPHU1 aFasciolo, Guillermina91350110aVitrales sureños /cGuillermina Fasciolo. aBuenos Aires, Argentina :bLibros en Red,c2007. a71 p. ;c22 cm. aBNPD 0010718PDaGRbGRcCTd2011-09-29iLF1l0o p34279-10r2020-06-25w2020-06-25yLFPDZNo se presta c33770d33770